[Event "Ceriano Laghetto op-A 18th"]
[Site "Ceriano Laghetto"]
[Date "2009.03.29"]
[Round "4"]
[White "La Manna, Francesco"]
[Black "De Filomeno, Simone"]
[Result "1/2-1/2"]
[WhiteElo "2156"]
[BlackElo "2195"]
[PlyCount "60"]
[EventDate "2009.03.27"]
[EventType "swiss"]
[EventRounds "5"]
[EventCountry "ITA"]
[SourceTitle "EXT 2011"]
[Source "ChessBase"]
[SourceDate "2010.11.26"]
[SourceVersion "1"]
[SourceVersionDate "2010.11.26"]
[SourceQuality "1"]

1. d4 f5 2. c4 Nf6 3. Nc3 g6 4. f3 Bg7 5. e4 d6 6. e5 dxe5 7. dxe5 Qxd1+ 8. Kxd1 Nfd7 9. f4 Nc5 10. Be3 Ne6 11. g3 Kf7 12. Bg2 Na6 13. Kc2 Rd8 14. Nf3 Bd7 15. a3 Bc6 16. b4 h6 17. h4 Rac8 18. Nb5 Be4+ 19. Kb2 Rd3 20. Rhe1 c6 21. Nc3 Rcd8 22. Rad1 g5 23. hxg5 hxg5 24. Rxd3 Bxd3 25. Rd1 gxf4 26. gxf4 Bxc4 27. Ng5+ Ke8 28. Nxe6 Bxe6 29. Rxd8+ Kxd8 30. Bxa7 Bf8 1/2-1/2

[Event "Ceriano Laghetto op-A 18th"]
[Site "Ceriano Laghetto"]
[Date "2009.03.28"]
[Round "2"]
[White "Vezzosi, Paolo"]
[Black "La Manna, Francesco"]
[Result "1-0"]
[WhiteElo "2374"]
[BlackElo "2156"]
[PlyCount "37"]
[EventDate "2009.03.27"]
[EventType "swiss"]
[EventRounds "5"]
[EventCountry "ITA"]
[SourceTitle "EXT 2011"]
[Source "ChessBase"]
[SourceDate "2010.11.26"]
[SourceVersion "1"]
[SourceVersionDate "2010.11.26"]
[SourceQuality "1"]

1. Nf3 d5 2. c4 d4 3. b4 f6 4. e3 dxe3 5. fxe3 e5 6. a3 c5 7. bxc5 Bxc5 8. d4 exd4 9. exd4 Bb6 10. c5 Ba5+ 11. Bd2 Be6 12. Bb5+ Nc6 13. 0-0 Bxd2 14. Nbxd2 Nge7 15. Qe2 Bd5 16. Bxc6+ bxc6 17. Rae1 Rf8 18. Ne4 Bxe4 19. Qxe4 1-0

[Event "Verona op 13th"]
[Site "Verona"]
[Date "2007.01.06"]
[Round "5"]
[White "La Manna, Francesco"]
[Black "Ortega, Lexy"]
[Result "0-1"]
[WhiteElo "2157"]
[BlackElo "2442"]
[PlyCount "56"]
[EventDate "2007.01.03"]
[EventType "swiss"]
[EventRounds "7"]
[EventCountry "ITA"]
[SourceTitle "CBM 116 Extra"]
[Source "ChessBase"]
[SourceDate "2007.03.07"]
[SourceVersion "1"]
[SourceVersionDate "2007.03.07"]
[SourceQuality "1"]

1. d4 Nf6 2. c4 e6 3. Nc3 Bb4 4. a3 Bxc3+ 5. bxc3 h6 6. f3 d6 7. e4 Nbd7 8. Bd3 b6 9. Ne2 c5 10. Be3 e5 11. d5 Nf8 12. Qd2 Ng6 13. Ng3 Nh4 14. Nf5 Nxf5 15. exf5 Bd7 16. g4 Qe7 17. 0-0-0 a6 18. h4 b5 19. g5 Nh5 20. f4 e4 21. Bxc5 dxc5 22. Rde1 0-0-0 23. Bxe4 Qd6 24. cxb5 axb5 25. c4 Ng3 26. cxb5 Rhe8 27. Qa5 Rxe4 28. b6 Ra4 0-1

[Event "Verona op 13th"]
[Site "Verona"]
[Date "2007.01.06"]
[Round "6"]
[White "Miatello, Alberto"]
[Black "La Manna, Francesco"]
[Result "0-1"]
[WhiteElo "2057"]
[BlackElo "2157"]
[PlyCount "114"]
[EventDate "2007.01.03"]
[EventType "swiss"]
[EventRounds "7"]
[EventCountry "ITA"]
[SourceTitle "CBM 116 Extra"]
[Source "ChessBase"]
[SourceDate "2007.03.07"]
[SourceVersion "1"]
[SourceVersionDate "2007.03.07"]
[SourceQuality "1"]

1. e4 d6 2. d4 Nf6 3. Nc3 c6 4. e5 dxe5 5. dxe5 Qxd1+ 6. Nxd1 Nd5 7. c4 Nb6 8. Nc3 Be6 9. b3 g6 10. Bb2 Bg7 11. Ne4 N8d7 12. f4 Bf5 13. Ng3 a5 14. Nxf5 gxf5 15. Bd3 e6 16. Nf3 Bf8 17. 0-0 Bc5+ 18. Kh1 0-0 19. a3 Rfd8 20. Rad1 Be3 21. Nd4 Nxe5 22. Bxf5 Nexc4 23. bxc4 exf5 24. Nxf5 Nxc4 25. Bf6 Rxd1 26. Rxd1 Bd2 27. Nh6+ Kf8 28. Nf5 Re8 29. Bh4 b5 30. Nd6 Nxd6 31. Rxd2 Nc4 32. Rc2 a4 33. Rc3 Re2 34. Kg1 Ke8 35. Bf2 Kd7 36. Bc5 Ke6 37. Rh3 Ra2 38. g4 Kd5 39. Rh5+ Ke4 40. Rxh7 Kf3 41. Rh3+ Kxg4 42. Rh7 f5 43. Rg7+ Kxf4 44. h4 Ne3 45. Bxe3+ Kxe3 46. h5 Rd2 47. h6 Rd6 48. h7 Rh6 49. Re7+ Kd4 50. Re6 Rxh7 51. Rxc6 Re7 52. Rd6+ Kc4 53. Rc6+ Kb3 54. Rc5 Rb7 55. Rxf5 Kxa3 56. Rf3+ Kb2 57. Rf2+ Kc3 0-1

[Event "Verona op 13th"]
[Site "Verona"]
[Date "2007.01.04"]
[Round "3"]
[White "La Manna, Francesco"]
[Black "Rombaldoni, Axel"]
[Result "0-1"]
[WhiteElo "2157"]
[BlackElo "2218"]
[PlyCount "90"]
[EventDate "2007.01.03"]
[EventType "swiss"]
[EventRounds "7"]
[EventCountry "ITA"]
[SourceTitle "CBM 116 Extra"]
[Source "ChessBase"]
[SourceDate "2007.03.07"]
[SourceVersion "1"]
[SourceVersionDate "2007.03.07"]
[SourceQuality "1"]

1. d4 d5 2. c4 e6 3. Nc3 c6 4. cxd5 exd5 5. Qc2 Nf6 6. Bg5 h6 7. Bh4 Be7 8. e3 Be6 9. Bd3 Nbd7 10. Nge2 0-0 11. 0-0 Nh5 12. Bxe7 Qxe7 13. f3 c5 14. e4 dxe4 15. Bxe4 Bc4 16. Rfd1 Rae8 17. d5 Ne5 18. d6 Qg5 19. Qd2 Bxe2 20. Qxg5 hxg5 21. Nxe2 b6 22. a4 Rd8 23. b3 f5 24. Bb7 Rf6 25. Rd5 Re6 26. Rad1 Nf6 27. f4 Nf7 28. R5d2 gxf4 29. Nxf4 Rexd6 30. Rxd6 Rxd6 31. Re1 Rd4 32. Ng6 Kh7 33. Nf8+ Kh6 34. Re7 Ng5 35. h4 Rxh4 36. Bc8 Rf4 37. Rxa7 g6 38. Rb7 Rb4 39. Be6 Nxe6 40. Nxe6 Rxb3 41. Nxc5 Rb4 42. Nd3 Rb1+ 43. Kf2 Ne4+ 44. Ke3 Rb3 45. Ke2 Rxd3 0-1

[Event "Arco op 28th"]
[Site "Arco"]
[Date "2006.10.29"]
[Round "9"]
[White "La Manna, Francesco"]
[Black "Happel, Henk"]
[Result "1/2-1/2"]
[WhiteElo "2115"]
[BlackElo "2210"]
[PlyCount "74"]
[EventDate "2006.10.21"]
[EventType "swiss"]
[EventRounds "9"]
[EventCountry "ITA"]
[SourceTitle "EXT 2007"]
[Source "ChessBase"]
[SourceDate "2006.11.23"]
[SourceVersion "1"]
[SourceVersionDate "2006.11.23"]
[SourceQuality "1"]

1. d4 Nf6 2. c4 c5 3. d5 e5 4. Nc3 d6 5. e4 Be7 6. Bd3 Nbd7 7. Nge2 h5 8. f3 h4 9. Be3 Nf8 10. Qd2 Ng6 11. 0-0-0 a6 12. g3 Bd7 13. Kb1 Rb8 14. gxh4 Rxh4 15. Rhg1 Nh5 16. Ng3 Ngf4 17. Nxh5 Nxh5 18. Rdf1 Bf6 19. Ne2 b5 20. b3 bxc4 21. Bxc4 Bb5 22. Bxb5+ Rxb5 23. Ng3 Nxg3 24. hxg3 Rh3 25. Rh1 Qd7 26. Bg5 c4 27. Bxf6 gxf6 28. g4 Rxh1 29. Rxh1 cxb3 30. Rh8+ Ke7 31. Qh6 bxa2+ 32. Ka1 Rb1+ 33. Kxa2 Qa4+ 34. Kxb1 Qb3+ 35. Kc1 Qc3+ 36. Kd1 Qxf3+ 37. Kd2 Qf2+ 1/2-1/2

[Event "Arco op 28th"]
[Site "Arco"]
[Date "2006.10.27"]
[Round "7"]
[White "La Manna, Francesco"]
[Black "Vezzosi, Paolo"]
[Result "1-0"]
[WhiteElo "2119"]
[BlackElo "2311"]
[PlyCount "41"]
[EventDate "2006.10.21"]
[EventType "swiss"]
[EventRounds "9"]
[EventCountry "ITA"]
[SourceTitle "EXT 2007"]
[Source "ChessBase"]
[SourceDate "2006.11.23"]
[SourceVersion "1"]
[SourceVersionDate "2006.11.23"]
[SourceQuality "1"]

1. d4 Nf6 2. c4 e6 3. Nc3 Bb4 4. f3 d5 5. a3 Bxc3+ 6. bxc3 c5 7. cxd5 Nxd5 8. dxc5 f5 9. Nh3 Qa5 10. e4 fxe4 11. fxe4 Qxc3+ 12. Bd2 Qe5 13. Bb5+ Bd7 14. Bxd7+ Nxd7 15. 0-0 N5f6 16. Bb4 Nxc5 17. Rc1 b6 18. Bc3 Qxe4 19. Bxf6 gxf6 20. Rxf6 Ke7 21. Rf7+ 1-0

[Event "Arco op 28th"]
[Site "Arco"]
[Date "2006.10.26"]
[Round "6"]
[White "Bondielli, Giorgio"]
[Black "La Manna, Francesco"]
[Result "0-1"]
[WhiteElo "1986"]
[BlackElo "2119"]
[PlyCount "102"]
[EventDate "2006.10.21"]
[EventType "swiss"]
[EventRounds "9"]
[EventCountry "ITA"]
[SourceTitle "EXT 2007"]
[Source "ChessBase"]
[SourceDate "2006.11.23"]
[SourceVersion "1"]
[SourceVersionDate "2006.11.23"]
[SourceQuality "1"]

1. e4 d6 2. d4 Nf6 3. Bd3 c6 4. Nf3 Bg4 5. Nbd2 e5 6. dxe5 dxe5 7. Nf1 Nbd7 8. Ng3 Be7 9. h3 Bh5 10. Nf5 0-0 11. g4 Bg6 12. Bg5 Re8 13. Qe2 Qa5+ 14. Bd2 Bb4 15. a3 Bxd2+ 16. Nxd2 Bxf5 17. gxf5 Nc5 18. 0-0-0 b5 19. Nb3 Nxb3+ 20. cxb3 Red8 21. Bc2 Rxd1+ 22. Rxd1 Rd8 23. b4 Qc7 24. Rd3 Kf8 25. Rc3 a6 26. Qe3 Rd6 27. Qg5 h6 28. Qe3 Nh5 29. Qc5 Nf4 30. Kb1 f6 31. Bd3 Ke8 32. Bf1 Kf7 33. Ka2 Rd1 34. Rc1 Qd6 35. Qc2 Rxc1 36. Qxc1 Ke7 37. Qe3 Qd4 38. Qf3 Qd2 39. Qg3 Kf7 40. Qf3 Kg8 41. Qg3 Kh7 42. Bg2 Kh8 43. Bf1 Qd1 44. Qg1 Nxh3 45. Qg6 Nf4 46. Qe8+ Kh7 47. Bg2 Qe2 48. Bh1 Qxf2 49. Qxc6 h5 50. Qc3 h4 51. Bf3 h3 0-1

[Event "Arco op 28th"]
[Site "Arco"]
[Date "2006.10.24"]
[Round "4"]
[White "Mercandelli, Claudio"]
[Black "La Manna, Francesco"]
[Result "0-1"]
[WhiteElo "2020"]
[BlackElo "2119"]
[PlyCount "45"]
[EventDate "2006.10.21"]
[EventType "swiss"]
[EventRounds "9"]
[EventCountry "ITA"]
[SourceTitle "EXT 2007"]
[Source "ChessBase"]
[SourceDate "2006.11.23"]
[SourceVersion "1"]
[SourceVersionDate "2006.11.23"]
[SourceQuality "1"]

1. c4 e5 2. g3 d6 3. Bg2 Be7 4. d4 exd4 5. Nf3 c5 6. e3 dxe3 7. Bxe3 Nc6 8. Nc3 Be6 9. Nd5 Nf6 10. Nxe7 Qxe7 11. 0-0 Bxc4 12. Re1 Be6 13. Rc1 0-0 14. Ng5 Rfe8 15. Nxe6 fxe6 16. Qb3 Rac8 17. h3 b6 18. f4 d5 19. f5 exf5 20. Bxc5 Qd7 21. Be3 Kh8 22. Red1 Na5 23. Rxc8 0-1

[Event "Arco op 28th"]
[Site "Arco"]
[Date "2006.10.22"]
[Round "2"]
[White "Salvador, Roland"]
[Black "La Manna, Francesco"]
[Result "1-0"]
[WhiteElo "2455"]
[BlackElo "2119"]
[PlyCount "89"]
[EventDate "2006.10.21"]
[EventType "swiss"]
[EventRounds "9"]
[EventCountry "ITA"]
[SourceTitle "EXT 2007"]
[Source "ChessBase"]
[SourceDate "2006.11.23"]
[SourceVersion "1"]
[SourceVersionDate "2006.11.23"]
[SourceQuality "1"]

1. d4 Nf6 2. Nf3 d5 3. c4 e6 4. Nc3 c6 5. e3 Bd6 6. Qc2 Nbd7 7. g4 dxc4 8. Bxc4 Nd5 9. Bd2 N7b6 10. Be2 f5 11. e4 fxe4 12. Nxe4 Qc7 13. Nxd6+ Qxd6 14. Ne5 Nb4 15. Qb3 Qd5 16. Qxd5 N4xd5 17. 0-0 0-0 18. f4 Nd7 19. Nd3 N7f6 20. Rae1 Ne4 21. Bc1 Nd6 22. Bf3 Nb5 23. b3 Nxd4 24. Bxd5 exd5 25. Bb2 Nb5 26. a4 Nd6 27. Ba3 Ne4 28. Bxf8 Kxf8 29. f5 b6 30. Rf3 Bb7 31. Nf4 c5 32. Rd3 d4 33. Ne6+ Kg8 34. h4 Rc8 35. g5 Nc3 36. Nf4 Rd8 37. Re7 Be4 38. Ne6 Bxd3 39. Nxd8 Kf8 40. f6 gxf6 41. gxf6 Bf5 42. Nb7 Ne4 43. Re5 d3 44. Rxf5 d2 45. Rd5 1-0